Catálogo
 En Linea

Piedras preciosas : (Registro nro. 47881)

Detalles MARC
000 -CABECERA
campo de control de longitud fija 00613nam a2200169 a 4500
001 - NÚMERO DE CONTROL
campo de control 000048393
005 - FECHA Y HORA DE LA ÚLTIMA TRANSACCIÓN
campo de control 20201002061123.0
008 - DATOS DE LONGITUD FIJA--INFORMACIÓN GENERAL
campo de control de longitud fija 190221s1956 dr a r 000 0 spa d
040 ## - FUENTE DE LA CATALOGACIÓN
Centro catalogador/agencia de origen DO-SdBNP
Lengua de catalogación spa
Centro/agencia transcriptor BNPHU
082 ## - NÚMERO DE LA CLASIFICACIÓN DECIMAL DEWEY
Número de clasificación xxxx
Número de documento/Ítem Y43p
100 1# - ENTRADA PRINCIPAL--NOMBRE DE PERSONA
Nombre de persona Yélamos Romera, Francisco
9 (RLIN) 75804
245 10 - MENCIÓN DE TÍTULO
Título Piedras preciosas :
Resto del título estudio histórico-científico desde la antiguedad /
Mención de responsabilidad, etc. Francisco Yélamos Romera ; prólogo José María Pemán.
260 ## - PUBLICACIÓN, DISTRIBUCIÓN, ETC.
Lugar de publicación, distribución, etc. Cadiz, España :
Nombre del editor, distribuidor, etc. González Rubiales,
Fecha de publicación, distribución, etc. 1956.
300 ## - DESCRIPCIÓN FÍSICA
Extensión 69 p. :
Otras características físicas il. ;
Dimensiones 22 cm.
590 ## - NOTA LOCAL (RLIN)
Nota local Inventariado, 2019/BT
700 1# - PUNTO DE ACCESO ADICIONAL--NOMBRE DE PERSONA
Nombre de persona Pemán, José María,
Término indicativo de función/relación pról.
9 (RLIN) 47739
Existencias
Estado de retiro Estado de pérdida Restricciones de uso No para préstamo Código de colección Localización permanente Ubicación/localización actual Ubicación en estantería Fecha de adquisición Número de inventario Total de préstamos Signatura topográfica completa Código de barras Fecha visto por última vez Precio válido a partir de Tipo de ítem Koha
      Excluido de préstamo Raros y valiosos Patrimonio Dominicano Patrimonio Dominicano Depósito 21.02.2019 LF1   xxxx Y43p 48393-10 25.06.2020 25.06.2020 No se presta

Con tecnología Koha